| 000 | 01062cam a22002893a 4500 | ||
|---|---|---|---|
| 001 | 32865 | ||
| 003 | PGUSA | ||
| 005 | 20140828083718.0 | ||
| 008 | 100617s2010||||xxu|||||s|||||000 1 eng d | ||
| 040 |
_aPGUSA _beng |
||
| 042 | _adc | ||
| 050 | 4 | _aPR | |
| 100 | 1 |
_aMarsh, Richard, _d1857-1915 |
|
| 245 | 1 | 0 |
_aEn adelig Opdager _h[electronic resource] / _cRichard Marsh |
| 260 |
_bProject Gutenberg, _c2010 |
||
| 505 | 0 | _aDet stjaalne Brev -- En frygtelig Nat -- Den forsvundne Hustru -- Et gaadefuldt Indbrud -- Den stjaalne Traktat -- Den snedige Herredsfoged -- Sammensværgelsen -- En mystisk Passager -- En veltalende Præst -- Grev Campnells Klinge. | |
| 506 | _aPublic domain in the USA. | ||
| 516 | _aElectronic text | ||
| 653 | _aChampnell, Augustus (Fictitious character) -- Fiction | ||
| 653 | _aDetective and mystery stories | ||
| 653 | _aShort stories | ||
| 700 | 1 | _aThomsen, Axel | |
| 740 | 0 | _aAn aristocratic detective. Danish | |
| 830 | 0 |
_aProject Gutenberg _v32865 |
|
| 856 | 4 | 0 | _uhttp://www.gutenberg.org/ebooks/32865 |
| 942 | _cEB | ||
| 999 |
_c262120 _d262120 |
||